[Event "Frankfurt Ch 2013"]
[Site "Ffm-Kalbach, LAZ"]
[Date "2013.06.03"]
[Round "5.26"]
[White "Böhle, Reinhard"]
[Black "Paulsen, Alexej"]
[Result "1-0"]
[WhiteElo "1966"]
[BlackElo "1665"]
[PlyCount "53"]
[EventDate "2013.??.??"]
[WhiteTeam "SV Maintal 1934"]
[BlackTeam "TuS Makkabi Ffm"]

1. e4 Nf6 2. Nc3 d5 3. e5 Ne4 4. Nce2 d4 5. c3 d3 6. Qa4+ Bd7 7. Qxe4 dxe2 8.
Qxe2 c5 9. f4 Nc6 10. Nf3 g6 11. Qc4 Qb6 12. Ng5 Nd8 13. d4 cxd4 14. Qxd4 Qxd4
15. cxd4 Nc6 16. Bc4 e6 17. Be3 Nb4 18. Kf2 Rc8 19. Rhc1 b5 20. Bxb5 Rxc1 21.
Bxd7+ Kxd7 22. Bxc1 Nc2 23. Rb1 Nxd4 24. Be3 Nc6 25. Nxf7 Rg8 26. Rd1+ Kc7 27.
Ng5 1-0

[Event "Frankfurt Ch 2013"]
[Site "Ffm-Kalbach, LAZ"]
[Date "2013.06.03"]
[Round "5.28"]
[White "Annen, Oliver"]
[Black "Göbel, Andreas"]
[Result "1/2-1/2"]
[WhiteElo "1632"]
[BlackElo "1932"]
[PlyCount "93"]
[EventDate "2013.??.??"]
[WhiteTeam "SK Bad Homburg 1927"]
[BlackTeam "SC Brett vor'm Kopp Ffm"]

1. d4 d5 2. c4 c6 3. e3 Nf6 4. Nf3 Bg4 5. cxd5 Qxd5 6. Be2 e6 7. Nc3 Qd8 8. Ne5
Bxe2 9. Qxe2 Nbd7 10. Nxd7 Qxd7 11. O-O Bd6 12. e4 Be7 13. Be3 O-O 14. Rad1
Rfd8 15. Rd2 Bb4 16. Bg5 Be7 17. Rfd1 Qc7 18. Be3 Rd7 19. g3 Qa5 20. Qc4 Rad8
21. a3 Qh5 22. Kg2 Ng4 23. h3 Nxe3+ 24. fxe3 Qg6 25. Qe2 h5 26. Qf3 h4 27. Ne2
hxg3 28. Nxg3 Bh4 29. Qg4 Qxg4 30. hxg4 Bxg3 31. Kxg3 f6 32. b4 Kf7 33. Rh1 Kg6
34. Rhd1 Kg5 35. Rh1 Kg6 36. Rhd1 Rh8 37. Rh2 Rxh2 38. Kxh2 f5 39. exf5+ exf5
40. Kg3 Kg5 41. Rf1 fxg4 42. Rf4 Re7 43. Rxg4+ Kf5 44. Rf4+ Kg5 45. Kf3 a6 46.
e4 Rd7 47. Rf5+ 1/2-1/2

[Event "Frankfurt Ch 2013"]
[Site "Ffm-Kalbach, LAZ"]
[Date "2013.06.03"]
[Round "5.29"]
[White "Fischer, Lutz"]
[Black "Ochmann, Reimund"]
[Result "0-1"]
[WhiteElo "1603"]
[BlackElo "1932"]
[PlyCount "74"]
[EventDate "2013.??.??"]
[WhiteTeam "Sfr. Frankfurt 1921"]
[BlackTeam "SK Langen"]

1. e4 e5 2. Nf3 Nc6 3. Bb5 a6 4. Ba4 Nf6 5. d3 Bc5 6. O-O d6 7. c3 O-O 8. Re1
h6 9. Nbd2 Ng4 10. Re2 Ne7 11. d4 exd4 12. cxd4 Ba7 13. Nf1 Ng6 14. h3 Nf6 15.
Ng3 c6 16. Be3 Re8 17. d5 b5 18. Bc2 c5 19. Qd2 Nd7 20. Bxh6 gxh6 21. Qxh6 Qf6
22. Nh5 Qh8 23. Qg5 Bb6 24. Nf4 Qf6 25. Qxf6 Nxf6 26. Nxg6 fxg6 27. Rae1 Ba5
28. Rd1 Bb7 29. Ng5 Nxd5 30. g3 Rad8 31. f4 c4 32. Kf1 Nf6 33. e5 Nh5 34. Bxg6
Nxg3+ 35. Kf2 Nxe2 36. Bxe8 Rxe8 37. Kxe2 dxe5 0-1

[Event "Frankfurt Ch 2013"]
[Site "Ffm-Kalbach, LAZ"]
[Date "2013.06.03"]
[Round "5.31"]
[White "Klyszcz, Michael"]
[Black "Balzereit, Georg"]
[Result "1-0"]
[WhiteElo "1895"]
[BlackElo "1634"]
[PlyCount "34"]
[EventDate "2013.??.??"]
[WhiteTeam "SG 1871 Löberitz"]
[BlackTeam "vereinslos"]

1. e4 c5 2. f4 d6 3. Nf3 Nc6 4. Bb5 Bd7 5. O-O a6 6. Bxc6 Bxc6 7. Nc3 Nf6 8. d3
e6 9. e5 Nd5 10. Ne4 Be7 11. Nfg5 Qd7 12. Qh5 g6 13. Qh6 f5 14. Nxd6+ Bxd6 15.
exd6 O-O-O 16. Re1 Rde8 17. b3 Qxd6 1-0

[Event "Frankfurt Ch 2013"]
[Site "Ffm-Kalbach, LAZ"]
[Date "2013.06.03"]
[Round "5.34"]
[White "Koch, Markus"]
[Black "Kolker, Vladislav"]
[Result "1/2-1/2"]
[WhiteElo "2105"]
[BlackElo "1926"]
[PlyCount "90"]
[EventDate "2013.??.??"]
[WhiteTeam "SC Brett vor'm Kopp Ffm"]
[BlackTeam "SC Bad Nauheim"]

1. d4 Nf6 2. c4 g6 3. Nc3 Bg7 4. e4 d6 5. f3 O-O 6. Be3 Nc6 7. Nge2 a6 8. Qd2
Rb8 9. Rc1 Bd7 10. g3 b5 11. cxb5 axb5 12. Bg2 b4 13. Nd1 Ra8 14. b3 Qb8 15.
Nf2 Ra5 16. O-O Rc8 17. Rc2 Ne8 18. Rfc1 Ra6 19. f4 Na7 20. Nd3 Bb5 21. Bh3 Rd8
22. Nxb4 Bxe2 23. Qxe2 Ra3 24. Nd5 e6 25. Nxc7 Nxc7 26. Rxc7 Nb5 27. R7c4 Qa8
28. Rb4 Qxe4 29. Bg2 Rxa2 30. Qf3 Qxf3 31. Bxf3 Na3 32. Ra4 d5 33. Bd1 Bf8 34.
h4 Rb8 35. Ra7 Rb2 36. h5 Nb5 37. Rd7 Bg7 38. f5 gxh5 39. Bxh5 Bxd4 40. Bxf7+
Kf8 41. Bxd4 Nxd4 42. Rcc7 Ra8 43. Ra7 Rxa7 44. Rxa7 Rd2 45. f6 Nf3+ 1/2-1/2

[Event "Frankfurt Ch 2013"]
[Site "Ffm-Kalbach, LAZ"]
[Date "2013.06.03"]
[Round "5.35"]
[White "Ostermeier, Thorsten"]
[Black "Dürmeier, Roland"]
[Result "1/2-1/2"]
[WhiteElo "1931"]
[BlackElo "1891"]
[PlyCount "128"]
[EventDate "2013.??.??"]
[WhiteTeam "Sfr. Frankfurt 1921"]
[BlackTeam "SG Wächtersbach/Sotzbach"]

1. d4 d6 2. e4 Nf6 3. Bd3 e5 4. dxe5 dxe5 5. Nf3 Nc6 6. c3 Bd6 7. O-O O-O 8. h3
Qe7 9. b4 a6 10. Be3 Rd8 11. Qe2 Nh5 12. Re1 Re8 13. Nbd2 Nf4 14. Bxf4 exf4 15.
Nc4 Be5 16. Ncxe5 Nxe5 17. Rad1 b6 18. Bc2 Bb7 19. Nd4 g6 20. f3 c5 21. bxc5
bxc5 22. Nb3 Qc7 23. Rd2 a5 24. Qb5 c4 25. Qc5 Qxc5+ 26. Nxc5 Bc6 27. Ba4 Bxa4
28. Nxa4 Nd3 29. Ree2 Nc1 30. Re1 Nd3 31. Rb1 Rab8 32. Rb6 Rec8 33. Rd1 Ra8 34.
Rd6 Rc7 35. Nb6 Ra6 36. Rd8+ Kg7 37. Nxc4 Rxc4 38. R8xd3 Rb6 39. R1d2 Rb1+ 40.
Kf2 Rc1 41. g3 fxg3+ 42. Kxg3 R1xc3 43. Rxc3 Rxc3 44. Kf4 a4 45. h4 h6 46. Kg3
a3 47. Kf2 Kf6 48. Kg3 Ke6 49. Kf4 f6 50. Kg4 h5+ 51. Kf4 Rc5 52. Rd3 g5+ 53.
Kg3 Ra5 54. hxg5 fxg5 55. Kh3 Ke5 56. Kg3 g4 57. fxg4 Kxe4 58. Rb3 hxg4 59.
Kxg4 Ra8 60. Rb4+ Kd3 61. Rb3+ Kc2 62. Kf3 Rh8 63. Ke4 Rh1 64. Rxa3 Kb2 1/2-1/2

[Event "Frankfurt Ch 2013"]
[Site "Ffm-Kalbach, LAZ"]
[Date "2013.06.03"]
[Round "5.36"]
[White "Larem, Peter"]
[Black "Braunberger, Gerald"]
[Result "1-0"]
[WhiteElo "1826"]
[BlackElo "1883"]
[PlyCount "61"]
[EventDate "2013.??.??"]
[WhiteTeam "SSG Rödermark/Eppertshausen"]
[BlackTeam "SK Bad Homburg 1927"]

1. e4 c6 2. d4 d5 3. Nc3 dxe4 4. Nxe4 Nd7 5. Bc4 Ngf6 6. Nxf6+ Nxf6 7. Nf3 e6
8. O-O Be7 9. c3 Qc7 10. Re1 O-O 11. Bd3 c5 12. dxc5 Rd8 13. Qc2 Qxc5 14. Be3
Qh5 15. Bf4 Bd7 16. h3 Nd5 17. Re5 f5 18. Bxf5 exf5 19. Rxd5 Bc6 20. Rxf5 Qg6
21. Qb3+ Kh8 22. Qf7 Bxf3 23. Qxg6 hxg6 24. Rf7 Re8 25. Re1 Bxg2 26. Kxg2 Bf6
27. Rxe8+ Rxe8 28. Rxb7 Re2 29. Be3 a5 30. Kf3 Rc2 31. Ke4 1-0

[Event "Frankfurt Ch 2013"]
[Site "Ffm-Kalbach, LAZ"]
[Date "2013.06.03"]
[Round "5.37"]
[White "Zimmer, Gerald"]
[Black "Cors, Heinz-Friedrich"]
[Result "1/2-1/2"]
[WhiteElo "1882"]
[BlackElo "1780"]
[PlyCount "58"]
[EventDate "2013.??.??"]
[WhiteTeam "SC Bergen-Enkheim 1922"]
[BlackTeam "SV SF Darmstadt 1994"]

1. d4 Nf6 2. c4 e6 3. Nf3 b6 4. g3 Bb7 5. Bg2 Be7 6. Nc3 Ne4 7. Qc2 Nxc3 8.
bxc3 d6 9. a4 Nc6 10. O-O O-O 11. h4 Na5 12. Bf4 Qc8 13. Nd2 Bxg2 14. Kxg2 f5
15. e4 Qd7 16. Rae1 Bf6 17. exf5 exf5 18. f3 Rfe8 19. Kf2 g6 20. Be3 c6 21. Qd3
d5 22. Bf4 Nxc4 23. Nxc4 dxc4 24. Qxc4+ Qd5 25. Qxd5+ cxd5 26. Be5 Bxe5 27.
Rxe5 Rxe5 28. dxe5 Kf7 29. Ke3 Rc8 1/2-1/2

[Event "Frankfurt Ch 2013"]
[Site "Ffm-Kalbach, LAZ"]
[Date "2013.06.03"]
[Round "5.38"]
[White "Lebermann, Hellmuth"]
[Black "Rauscher, Joachim"]
[Result "1/2-1/2"]
[WhiteElo "1858"]
[BlackElo "1720"]
[PlyCount "38"]
[EventDate "2013.??.??"]
[WhiteTeam "SK Bad Homburg 1927"]
[BlackTeam "SC Brett vor'm Kopp Ffm"]

1. e4 c5 2. Nf3 d6 3. d4 cxd4 4. Nxd4 Nf6 5. Nc3 g6 6. f3 Bg7 7. Be3 O-O 8. Qd2
Nc6 9. O-O-O Nxd4 10. Bxd4 Be6 11. Kb1 Re8 12. h4 Qa5 13. h5 Rac8 14. a3 a6 15.
hxg6 fxg6 16. Nd5 Qxd2 17. Nxf6+ Bxf6 18. Rxd2 Bxd4 19. Rxd4 Kg7 1/2-1/2

[Event "Frankfurt Ch 2013"]
[Site "Ffm-Kalbach, LAZ"]
[Date "2013.06.03"]
[Round "5.39"]
[White "Rolf, Marco"]
[Black "Lemonidis, Christos"]
[Result "1/2-1/2"]
[WhiteElo "1819"]
[BlackElo "1714"]
[PlyCount "101"]
[EventDate "2013.??.??"]
[WhiteTeam "SK Bad Homburg 1927"]
[BlackTeam "SC 1961 König Nied"]

1. d4 d6 2. c4 g6 3. Nf3 Bg7 4. Nc3 e5 5. dxe5 dxe5 6. Qxd8+ Kxd8 7. Be3 c6 8.
O-O-O+ Nd7 9. g3 Kc7 10. Bg2 f6 11. Ne4 Bh6 12. Bxh6 Nxh6 13. Rd2 Nf7 14. Rhd1
Rf8 15. e3 f5 16. Nc3 e4 17. Nd4 Nde5 18. b3 Bd7 19. g4 Rad8 20. gxf5 gxf5 21.
f4 Ng4 22. Bh3 Nxe3 23. Re1 Ng4 24. Bxg4 fxg4 25. Rxe4 Rde8 26. f5 h5 27. Ne6+
Bxe6 28. Rxe6 Nd8 29. Rxe8 Rxe8 30. Kd1 Re3 31. Ne2 h4 32. Rd4 g3 33. hxg3 hxg3
34. Rg4 Kd6 35. Nxg3 Ke5 36. Kd2 Rf3 37. Re4+ Kf6 38. Rg4 Nf7 39. Rg6+ Ke5 40.
Re6+ Kf4 41. Ne2+ Kg5 42. Nd4 Rf2+ 43. Ke3 Rxa2 44. Rg6+ Kh5 45. Rg7 Nd6 46.
Rd7 c5 47. Rxd6 cxd4+ 48. Kxd4 Rb2 49. Kc3 Rf2 50. f6 Kg5 51. Kb4 1/2-1/2

[Event "Frankfurt Ch 2013"]
[Site "Ffm-Kalbach, LAZ"]
[Date "2013.06.03"]
[Round "5.40"]
[White "Goldt, Rainer"]
[Black "Liebske, Reiner"]
[Result "1-0"]
[WhiteElo "1818"]
[BlackElo "1671"]
[PlyCount "109"]
[EventDate "2013.??.??"]
[WhiteTeam "Kreuznacher SV 1921"]
[BlackTeam "SV Frankfurt Nord 1926"]

1. e4 c5 2. c3 d5 3. exd5 Qxd5 4. d4 cxd4 5. cxd4 Nc6 6. Nf3 e5 7. Nc3 Bb4 8.
Bd2 Bxc3 9. Bxc3 Bg4 10. dxe5 Nge7 11. Be2 O-O 12. O-O Rad8 13. Qa4 Qe6 14. Ng5
Qg6 15. Qxg4 Nd5 16. Qg3 h6 17. Nf3 Qc2 18. Bd1 Nxc3 19. Bxc2 Ne2+ 20. Kh1
Nxg3+ 21. hxg3 Rd5 22. Be4 Rb5 23. Bxc6 bxc6 24. b3 f5 25. Rfd1 g5 26. Rd7 g4
27. Nd4 Rxe5 28. Nxc6 Re2 29. Kg1 f4 30. Ne7+ Kf7 31. Nc6+ Kg8 32. Rd8 Rxd8 33.
Nxd8 Rd2 34. Nc6 fxg3 35. fxg3 a6 36. Ne5 h5 37. Ng6 Kg7 38. Nf4 Kh6 39. b4 Kg5
40. Ne6+ Kf5 41. Nc5 Rb2 42. Nxa6 Kg5 43. a4 h4 44. gxh4+ Kxh4 45. Rd1 Kg3 46.
Rd3+ Kf4 47. g3+ Ke5 48. b5 Rc2 49. b6 Ke4 50. Rb3 Rc1+ 51. Kf2 Rc2+ 52. Ke1
Rc1+ 53. Kd2 Rf1 54. b7 Rf2+ 55. Ke1 1-0

[Event "Frankfurt Ch 2013"]
[Site "Ffm-Kalbach, LAZ"]
[Date "2013.06.03"]
[Round "5.41"]
[White "Mühlbach, Christian"]
[Black "Makilla, Tobias"]
[Result "1/2-1/2"]
[WhiteElo "1634"]
[BlackElo "1807"]
[PlyCount "99"]
[EventDate "2013.??.??"]
[WhiteTeam "SK Langen"]
[BlackTeam "Sfr.1932 Kelkheim"]

1. Nf3 Nc6 2. d4 d5 3. c4 Bg4 4. cxd5 Bxf3 5. dxc6 Bxc6 6. Nc3 e6 7. Bf4 Bd6 8.
Qd2 Ne7 9. f3 Ng6 10. Bxd6 cxd6 11. e4 O-O 12. Be2 f5 13. O-O-O Rc8 14. Kb1
fxe4 15. fxe4 Qh4 16. g3 Qh3 17. Qe3 b6 18. Rdg1 e5 19. d5 Bd7 20. Bf1 Qh5 21.
Bg2 Rf7 22. h4 Nf8 23. Nd1 Bb5 24. g4 Rfc7 25. Nc3 Qe8 26. h5 Ba6 27. g5 b5 28.
Bh3 Rb8 29. b4 Bc8 30. Bf5 Bd7 31. g6 h6 32. Nd1 a5 33. a3 axb4 34. axb4 Ra8
35. Kb2 Rca7 36. Nc3 Qc8 37. Ra1 Rxa1 38. Rxa1 Rxa1 39. Kxa1 Bxf5 40. exf5 Qxf5
41. Qe2 Qc8 42. Kb2 Nd7 43. Nxb5 Qb8 44. Qg4 Nf6 45. Qe6+ Kh8 46. Nxd6 Qxb4+
47. Ka1 Qa4+ 48. Kb1 Qd7 49. Nf7+ Kg8 50. Qxe5 1/2-1/2

[Event "Frankfurt Ch 2013"]
[Site "Ffm-Kalbach, LAZ"]
[Date "2013.06.03"]
[Round "5.42"]
[White "Stock, Jürgen"]
[Black "Riha, Peter"]
[Result "1-0"]
[WhiteElo "1799"]
[BlackElo "1604"]
[PlyCount "86"]
[EventDate "2013.??.??"]
[WhiteTeam "SC Eschborn 1974"]
[BlackTeam "SC Bergen-Enkheim 1922"]

1. d4 Nf6 2. c3 d5 3. Bg5 Ne4 4. Bh4 g5 5. Bg3 Nxg3 6. hxg3 Bg7 7. e4 dxe4 8.
Bc4 Nc6 9. Nd2 Bf5 10. Qb3 e6 11. Qxb7 Ne7 12. Bb5+ Kf8 13. O-O-O Rb8 14. Qa6
Rb6 15. Qa4 Qb8 16. Bc4 Nd5 17. Bb3 e3 18. Nc4 Rb7 19. Nxe3 Nxe3 20. fxe3 Bf6
21. Nh3 c5 22. Qc6 Rc7 23. Qa6 cxd4 24. exd4 Kg7 25. Bc2 Bg4 26. Rd2 Rb7 27.
Nf2 Rb6 28. Qa3 Bf5 29. Bxf5 exf5 30. g4 Re8 31. gxf5 Be7 32. Qa4 Bd6 33. Nd3
Bg3 34. Qd1 Re3 35. Qh5 h6 36. b3 Bf4 37. Kc2 Rg3 38. Rf2 Rxd3 39. Kxd3 Qe8 40.
Re2 Qb5+ 41. c4 Qxf5+ 42. Re4 Qa5 43. Rxf4 gxf4 1-0

[Event "Frankfurt Ch 2013"]
[Site "Ffm-Kalbach, LAZ"]
[Date "2013.06.03"]
[Round "5.43"]
[White "Barisch, Florian"]
[Black "Mehl, Ulrich"]
[Result "1/2-1/2"]
[WhiteElo "1797"]
[BlackElo "1589"]
[PlyCount "146"]
[EventDate "2013.??.??"]
[WhiteTeam "SV 1934 Ffm-Griesheim"]
[BlackTeam "TSG Nieder-Erlenbach 1888"]

1. d4 d5 2. Bf4 Nf6 3. e3 Bf5 4. c4 e6 5. Nc3 c6 6. Qb3 Qb6 7. c5 Qxb3 8. axb3
Nbd7 9. Nf3 Be7 10. h3 O-O 11. b4 a6 12. Nd2 Rfc8 13. Nb3 Bd8 14. Be2 Bc7 15.
Bxc7 Rxc7 16. b5 Nb8 17. f3 Ne8 18. Kd2 cxb5 19. Nxb5 Rd7 20. g4 Bg6 21. h4 h5
22. g5 Nc6 23. f4 Rad8 24. Nc3 f5 25. Rhg1 Kh7 26. Bd1 Nc7 27. Ne2 Be8 28. Ng3
g6 29. Nc1 Nb5 30. Ba4 Nca7 31. Nd3 Rc7 32. Bd1 Nc6 33. Nf1 Rdc8 34. Nh2 Kg7
35. Nf3 Nba7 36. Bb3 Kh7 37. Rgc1 Kg7 38. Ng1 Nb5 39. Ne2 Kh7 40. Bd1 Kg7 41.
Ng1 Kh7 42. Be2 Kg7 43. Bf1 Kh7 44. Ne2 Kg7 45. Ne1 Kh7 46. Nc2 Kg7 47. Ng3
Nca7 48. Bd3 Bd7 49. Ne2 Kf7 50. Na3 Ke7 51. Nc3 Nxa3 52. Rxa3 Rb8 53. b4 Kd8
54. Rb1 Ke7 55. b5 Nxb5 56. Bxb5 axb5 57. Nxb5 Bxb5 58. Rxb5 Kd7 59. Ra7 Kc8
60. Kc3 b6 61. Ra6 Rc6 62. Kb3 Kc7 63. Ka4 Rb7 64. Ka3 Kb8 65. Rbxb6 Rbxb6 66.
Rxb6+ Rxb6 67. cxb6 Kb7 68. Ka4 Kxb6 69. Kb4 Kc6 70. Ka5 Kc7 71. Ka6 Kc6 72.
Ka5 Kc7 73. Kb5 Kb7 1/2-1/2

[Event "Frankfurt Ch 2013"]
[Site "Ffm-Kalbach, LAZ"]
[Date "2013.06.03"]
[Round "5.44"]
[White "Markulic, Petar"]
[Black "Rutsatz, Mario"]
[Result "0-1"]
[WhiteElo "1643"]
[BlackElo "1788"]
[PlyCount "44"]
[EventDate "2013.??.??"]
[WhiteTeam "vereinslos"]
[BlackTeam "Sfr. Frankfurt 1921"]

1. f4 d5 2. d4 g6 3. Nf3 Bg7 4. e3 Nh6 5. Bd3 Bf5 6. c3 Bxd3 7. Qxd3 O-O 8. O-O
Nd7 9. Nbd2 c6 10. h3 f6 11. b3 Qa5 12. Rf2 Nf7 13. e4 e5 14. f5 gxf5 15. b4
fxe4 16. Qe3 Qb6 17. Nh4 Nd6 18. a4 exd4 19. cxd4 f5 20. Qg3 f4 21. a5 Qxd4 22.
Nb3 fxg3 0-1

[Event "Frankfurt Ch 2013"]
[Site "Ffm-Kalbach, LAZ"]
[Date "2013.06.03"]
[Round "5.45"]
[White "Weiland, Thomas"]
[Black "Gottschlich, Alexander"]
[Result "0-1"]
[WhiteElo "1787"]
[BlackElo "1524"]
[PlyCount "120"]
[EventDate "2013.??.??"]
[WhiteTeam "SV Oberursel"]
[BlackTeam "SV 1920 Hofheim"]

1. e4 c6 2. d4 d5 3. exd5 cxd5 4. Nf3 Nf6 5. Nc3 Bg4 6. Be2 e6 7. O-O a6 8. a4
Bd6 9. Bg5 h6 10. Bh4 Nbd7 11. Re1 O-O 12. Ne5 Bxe2 13. Rxe2 g5 14. Bg3 Bxe5
15. Bxe5 Nxe5 16. dxe5 Nd7 17. Qd2 Nb6 18. b3 Rc8 19. Nd1 f6 20. h4 f5 21. hxg5
hxg5 22. a5 Nd7 23. f4 g4 24. g3 Nc5 25. Nf2 Ne4 26. Nxe4 dxe4 27. Rd1 Qxd2 28.
Rdxd2 Rc3 29. Kf2 Rfc8 30. Rd7 Rf3+ 31. Kg2 Rcc3 32. Rxb7 Rxg3+ 33. Kf2 Rcf3+
34. Ke1 e3 35. Rb8+ Kf7 36. Rh2 Rh3 37. Rb7+ Kg6 38. Rg2 Rh1+ 39. Ke2 Rc1 40.
Rc7 Rxf4 41. Kxe3 Re4+ 42. Kd2 Rce1 43. Rc6 Rxe5 44. Rxa6 Ra1 45. b4 Kg5 46.
Rb6 f4 47. Re2 Rxe2+ 48. Kxe2 g3 49. Rxe6 g2 50. Re8 g1=Q 51. Rg8+ Kf5 52. Rxg1
Rxg1 53. a6 Ra1 54. b5 Ke4 55. c4 f3+ 56. Kf2 Ra2+ 57. Kg3 f2 58. Kg2 Ke3 59.
c5 Ke2 60. c6 f1=Q+ 0-1

[Event "Frankfurt Ch 2013"]
[Site "Ffm-Kalbach, LAZ"]
[Date "2013.06.03"]
[Round "5.46"]
[White "Reichel, Rolf"]
[Black "Schneider, Marco"]
[Result "0-1"]
[WhiteElo "1580"]
[BlackElo "1778"]
[PlyCount "78"]
[EventDate "2013.??.??"]
[WhiteTeam "Sfr. Frankfurt 1921"]
[BlackTeam "SC Nidderau"]

1. e4 d6 2. d4 g6 3. Nf3 Bg7 4. Bd3 Nc6 5. c3 e5 6. d5 Nce7 7. Bg5 h6 8. Bd2 c6
9. c4 cxd5 10. cxd5 f5 11. Nc3 Nf6 12. O-O O-O 13. Qb3 Nd7 14. Qc2 a6 15. b4 b6
16. Rfc1 Nf6 17. Qb3 Bb7 18. Nxe5 Nxe4 19. Nf3 Nxd2 20. Nxd2 Rc8 21. Ndb1 Bxd5
22. Qd1 Bc4 23. Bxc4+ Rxc4 24. Qb3 d5 25. Nd2 Rc8 26. Rc2 Kh7 27. Rac1 d4 28.
Nd1 Rxc2 29. Rxc2 Re8 30. Nb2 Nd5 31. Nd3 Nc3 32. Nf1 Qe7 33. h3 Qe4 34. Rd2
Re7 35. Ng3 Qb7 36. Kh2 Qc7 37. Kh1 Ne4 38. Nf1 Nxd2 39. Nxd2 Qc3 0-1

[Event "Frankfurt Ch 2013"]
[Site "Ffm-Kalbach, LAZ"]
[Date "2013.06.03"]
[Round "5.47"]
[White "Günther, Rainer"]
[Black "Klein, Markus"]
[Result "0-1"]
[WhiteElo "1573"]
[BlackElo "1771"]
[PlyCount "82"]
[EventDate "2013.??.??"]
[WhiteTeam "SV Mainz-Mombach"]
[BlackTeam "SC 1979 Hattersheim"]

1. e4 c5 2. Nf3 d6 3. d4 cxd4 4. Nxd4 Nf6 5. Nc3 Nc6 6. Be2 g6 7. Be3 Bg7 8.
Qd2 O-O 9. f3 Bd7 10. O-O a6 11. Nd1 b5 12. c3 Re8 13. Nf2 Ne5 14. b3 Rc8 15.
Rac1 Qa5 16. Rc2 Red8 17. h3 Nc6 18. f4 e5 19. Nf3 Nh5 20. Bd3 exf4 21. Bxf4
Nxf4 22. Qxf4 Ne5 23. Rfc1 h6 24. Nd4 Qb6 25. Kh1 Rc7 26. Bf1 Rdc8 27. Qd2 Nc6
28. Nxc6 Rxc6 29. c4 b4 30. Nd3 a5 31. Nf4 Re8 32. Nd5 Qa7 33. Bd3 Be6 34. Rf1
Bxd5 35. exd5 Rc7 36. Qf2 Re3 37. Re1 Rxd3 38. Re8+ Kh7 39. Qe2 Qd4 40. Rc1 Be5
41. Rf1 f5 0-1

[Event "Frankfurt Ch 2013"]
[Site "Ffm-Kalbach, LAZ"]
[Date "2013.06.03"]
[Round "5.48"]
[White "Fischer, Ulrich"]
[Black "Heun, Andreas"]
[Result "1-0"]
[WhiteElo "1770"]
[BlackElo "1519"]
[PlyCount "77"]
[EventDate "2013.??.??"]
[WhiteTeam "Frankfurter TV 1860"]
[BlackTeam "SC Ladja Roßdorf"]

1. e4 d5 2. exd5 Qxd5 3. Nc3 Qd6 4. d4 Nf6 5. Nf3 Bg4 6. Nb5 Qd8 7. c4 e6 8.
Be2 Bb4+ 9. Nc3 O-O 10. O-O c6 11. Bg5 h6 12. Bh4 Nbd7 13. Qd3 Be7 14. Rad1 Bf5
15. Qd2 Qa5 16. h3 Rad8 17. Qe3 Rfe8 18. Ne5 Nxe5 19. dxe5 Bc5 20. Qf3 Rxd1 21.
Rxd1 Nh7 22. Rd7 Qb4 23. g4 Bg6 24. Ne4 Qe1+ 25. Kg2 Qb4 26. Nxc5 Qxc5 27. Bd3
Rf8 28. Be7 Qxe5 29. Bxf8 Ng5 30. Qe2 Qxe2 31. Bxe2 Kxf8 32. Rxb7 f5 33. Rxa7
f4 34. a4 e5 35. a5 e4 36. f3 e3 37. a6 Ne6 38. Rd7 Nc5 39. a7 1-0

[Event "Frankfurt Ch 2013"]
[Site "Ffm-Kalbach, LAZ"]
[Date "2013.06.03"]
[Round "5.49"]
[White "Weber, Andreas"]
[Black "Stulken, Dietmar"]
[Result "1-0"]
[WhiteElo "1730"]
[BlackElo "1427"]
[PlyCount "49"]
[EventDate "2013.??.??"]
[WhiteTeam "SC Flörsheim 1921"]
[BlackTeam "Sfr. Frankfurt 1921"]

1. e4 e5 2. d4 exd4 3. Qxd4 Nc6 4. Qe3 Nf6 5. Nc3 Bb4 6. Bd2 O-O 7. O-O-O Re8
8. Qg3 Rxe4 9. a3 Bxc3 10. Bxc3 d6 11. h3 g6 12. Bd3 Nh5 13. Qh2 Re8 14. Nf3 a6
15. g4 Ng7 16. Rhe1 b5 17. Rxe8+ Nxe8 18. Qf4 Qe7 19. Re1 Qf8 20. Be4 Bb7 21.
Bxc6 Bxc6 22. Rxe8 Rxe8 23. Qf6 Re1+ 24. Nxe1 Qh6+ 25. g5 1-0

[Event "Frankfurt Ch 2013"]
[Site "Ffm-Kalbach, LAZ"]
[Date "2013.06.03"]
[Round "5.50"]
[White "Lanz, Jürgen"]
[Black "Cichon, Jörg"]
[Result "1/2-1/2"]
[WhiteElo "1549"]
[BlackElo "1727"]
[PlyCount "82"]
[EventDate "2013.??.??"]
[WhiteTeam "SC 1979 Hattersheim"]
[BlackTeam "SC Zitadelle Spandau 1977"]

1. d4 Nf6 2. c4 g6 3. Nc3 Bg7 4. e4 d6 5. Be2 O-O 6. Be3 Nbd7 7. Nf3 c6 8. O-O
Re8 9. Qc2 e5 10. Rfd1 Qc7 11. Rac1 Ng4 12. Bg5 Nf8 13. h3 Nf6 14. d5 h6 15.
Be3 g5 16. Qd2 c5 17. b4 b6 18. bxc5 bxc5 19. Qc2 Bd7 20. Nd2 Reb8 21. Nb3 a6
22. f3 Nh5 23. Bf1 Nf4 24. g3 N4g6 25. Bd2 Qc8 26. g4 Nf4 27. Rb1 Qd8 28. Ne2
N8g6 29. Ba5 Qc8 30. Ng3 Nh4 31. Kf2 h5 32. Nf5 Nxf5 33. exf5 Ba4 34. Qe4 Bxb3
35. axb3 Bf6 36. Rd2 Bd8 37. Bxd8 Qxd8 38. Ra2 f6 39. Qe1 Rb4 40. Ra3 Qb6 41.
Qc3 Kf7 1/2-1/2

[Event "Frankfurt Ch 2013"]
[Site "Ffm-Kalbach, LAZ"]
[Date "2013.06.03"]
[Round "5.51"]
[White "Panosch, Walter"]
[Black "Ivkin, Michael"]
[Result "0-1"]
[WhiteElo "1503"]
[BlackElo "1725"]
[PlyCount "88"]
[EventDate "2013.??.??"]
[WhiteTeam "SC Matt im Park Ffm"]
[BlackTeam "Wiesbadener SV 1885"]

1. d4 c5 2. d5 e5 3. e4 d6 4. c4 Ne7 5. Bg5 f6 6. Bh4 Ng6 7. Bg3 f5 8. f3 Be7
9. Bd3 O-O 10. Ne2 Bg5 11. O-O Be3+ 12. Kh1 fxe4 13. Bxe4 Qg5 14. Qd3 Bd4 15.
Nbc3 a6 16. a4 Bf5 17. Rad1 Nd7 18. b3 Bxc3 19. Nxc3 Bxe4 20. Nxe4 Qe7 21. Qd2
a5 22. Qf2 Nf6 23. Qe3 Nxe4 24. fxe4 Rf6 25. Rf5 Raf8 26. Rdf1 Rxf5 27. exf5
Qf6 28. Qe4 Ne7 29. Kg1 h5 30. h4 Nxf5 31. Be1 b6 32. g3 Qg6 33. Qf3 Rf6 34.
Qd3 Nxh4 35. Qxg6 Nxg6 36. Bf2 Rf3 37. Rb1 Kf7 38. Kg2 e4 39. Re1 Rxb3 40. Rxe4
Ne5 41. Be3 Rb4 42. Bf4 Rxc4 43. Re3 Rc2+ 44. Kh3 Ng4 0-1

[Event "Frankfurt Ch 2013"]
[Site "Ffm-Kalbach, LAZ"]
[Date "2013.06.03"]
[Round "5.52"]
[White "Honert, Stefan"]
[Black "Siegismund, Florian"]
[Result "0-1"]
[WhiteElo "1304"]
[BlackElo "1705"]
[PlyCount "66"]
[EventDate "2013.??.??"]
[WhiteTeam "Sfr. Frankfurt 1921"]
[BlackTeam "SK Bad Schwalbach"]

1. d4 Nf6 2. c4 e6 3. Nf3 b6 4. Nc3 Bb7 5. e3 Be7 6. Be2 O-O 7. O-O d5 8. b3
Nbd7 9. cxd5 Nxd5 10. Nxd5 Bxd5 11. Bb2 c5 12. Rc1 Rc8 13. Qd2 Nf6 14. Ba1 Ne4
15. Qb2 Bf6 16. Ne5 Bxe5 17. dxe5 h6 18. Rfd1 Qe7 19. f3 Ng5 20. e4 Bb7 21. Rd6
f6 22. Rcd1 Bc6 23. exf6 gxf6 24. e5 Bd5 25. exf6 Qxd6 26. f7+ Kxf7 27. Qf6+
Ke8 28. Bb5+ Rc6 29. Qg6+ Kd7 30. Bf6 e5 31. Qf5+ Kc7 32. Rxd5 Qxd5 33. Bd8+
Rxd8 0-1

[Event "Frankfurt Ch 2013"]
[Site "Ffm-Kalbach, LAZ"]
[Date "2013.06.03"]
[Round "5.53"]
[White "Midanka, Vladimir"]
[Black "Benikhis, Avram"]
[Result "0-1"]
[WhiteElo "1509"]
[BlackElo "1750"]
[PlyCount "88"]
[EventDate "2013.??.??"]
[WhiteTeam "vereinslos"]
[BlackTeam "SC Eschbach im Usinger Land"]

1. Nf3 d5 2. d4 c5 3. g3 Nc6 4. Bg2 Nf6 5. O-O cxd4 6. Nxd4 e5 7. Nxc6 bxc6 8.
c4 h6 9. Nc3 e4 10. cxd5 cxd5 11. Qd4 Bb7 12. Be3 Be7 13. Qa4+ Qd7 14. Bd4 Qxa4
15. Nxa4 O-O 16. Rfc1 Rfc8 17. Nc5 Bc6 18. a4 Bxc5 19. Rxc5 Nd7 20. Rc3 Nb6 21.
a5 Nc4 22. b3 Nd6 23. Rac1 Nb5 24. Rxc6 Rxc6 25. Rxc6 Nxd4 26. Rd6 Nxe2+ 27.
Kf1 Nc3 28. Ke1 Rc8 29. Kd2 Rc7 30. Bf1 Kf8 31. Rd8+ Ke7 32. Rb8 d4 33. a6 Nb1+
34. Kd1 Kd6 35. b4 d3 36. Bh3 Rc2 37. Rd8+ Ke7 38. Rd7+ Kf6 39. f3 Rxh2 40. Bf1
Rh1 41. Ke1 d2+ 42. Kf2 e3+ 43. Kg2 Rxf1 44. Kxf1 Nc3 0-1